Statistiques concernant Prénoms de musiciens n°2

Cliquez ici pour prendre le quiz!

Statistiques générales

  • Ce quiz a été pris 308 fois
  • Le résultat moyen est 12 sur 15

Statistiques - réponses

PrenomNom de Famille% Correct
CelineDion
98%
Elvis / Lisa MariePresley
98%
Serge / CharlotteGainsbourg
98%
JohnnyHallyday
97%
DavidBowie
96%
VanessaParadis
96%
FreddieMercury
95%
John / SeanLennon
95%
CarlaBruni
94%
SylvieVartan
88%
CharlesTrenet
86%
BarbraStraisand
79%
NinaSimone
67%
PiotrTchaïkovski
25%
JeanSibelius
18%

Distribution des résultats

Percentile par nombre de réponses

% des personnes avec chaque résultat

Votre développement - résultats

Vous n’avez pas pris ce quiz